000 00678pam a2200193 a 4500
020 _a0471191019 (paper : alk. paper)
040 _cDLC
082 0 0 _a512 WIL 1997 A030 Or.
100 1 _aFanchi, John R.
245 1 0 _aMath refresher for scientists and engineers /
260 _aNew York :
_bWiley,
_cc1997.
300 _axii, 259 p. :
_bill. ;
_c24 cm.
500 _a"A Wiley-Interscience publication."
650 0 _aMathematics.
856 4 2 _uhttp://www.loc.gov/catdir/enhancements/fy0607/97018910-b.html
856 4 2 _uhttp://www.loc.gov/catdir/enhancements/fy0607/97018910-d.html
856 4 1 _uhttp://www.loc.gov/catdir/enhancements/fy0607/97018910-t.html
942 _cEK
999 _c11582
_d11582